Vzdelávanie v znalostnej spoločnosti ako permanentný proces

Nevyhnutnosť permanentného vzdelávania, celoživotného vzdelávania takmer vo všetkých oblastiach, ako aj v sociálnej práci. Rôzne možnosti vzdelávania sociálnych pracovníkov, ako aj vzdelávanie klientov v sociálnej práci, ako sú napríklad ľudia so zdravotným postihnutím alebo seniori. Elektronické vz...

Ausführliche Beschreibung

Gespeichert in:
Bibliographische Detailangaben
1. Verfasser: Ondrejková, Anna
Format: Buchkapitel
Sprache:Slowakisch
Schlagworte:
Tags: Tag hinzufügen
Keine Tags, Fügen Sie das erste Tag hinzu!

MARC

LEADER 00000nla a2200000 4500
001 0224303
005 20240502083558.2
041 0 |a slo 
044 |a CZ 
245 1 0 |a Vzdelávanie v znalostnej spoločnosti ako permanentný proces  |c Anna Ondrejková 
520 |a Nevyhnutnosť permanentného vzdelávania, celoživotného vzdelávania takmer vo všetkých oblastiach, ako aj v sociálnej práci. Rôzne možnosti vzdelávania sociálnych pracovníkov, ako aj vzdelávanie klientov v sociálnej práci, ako sú napríklad ľudia so zdravotným postihnutím alebo seniori. Elektronické vzdelávanie, online vzdelávanie, adaptívne vzdelávanie - nové formy vzdelávania. Predpokladom sú digitálne zručnosti a prispôsobovanie sa vývoju a prieniku IKT do nášho života. 
610 2 0 |a spoločnosť vedomostná 
610 2 0 |a vzdelávanie celoživotné 
610 2 0 |a vzdelávanie permanentné 
610 2 0 |a vzdelávanie elektronické 
610 2 0 |a technológie informačné 
610 2 0 |a technológie komunikačné 
610 2 0 |a gramotnosť digitálna 
610 2 0 |a práca sociálna 
100 1 |a Ondrejková, Anna